00887nam a22002177a 4500003000500000005001700005008004100022010001000063011001000073035001100083040000900094100004000103245025100143260004100394300004100435502008500476650001500561650003400576650002900610700003000639CHAP20220329143148.0060912d2006 mx r 00110 spa d a92715 a93687 a104267 cCHAP1 aArteaga González, Alma Elizabeth.10aEstudio de factibilidad técnico-económico para el establecimiento de una planta procesadora de xoconostle (Opuntia joconostle) en el municipio de Nopaltepec, Estado de Méxicoc/por Alma Elizabeth Arteaga González y Yadira González Rojas aChapingo, Méx. :bEl autor,c2006. a127 h. :bgráfs.; cuadros, + plano aTesis (Ing. Agroindustial) - - UACH. Departamento de Ingeniería Agroindustrial14aCardenche.14aMermeladaxNormas de calidad.14aProyectosxEvaluación.1 aGonzález Rojas, Yadira.